000 00334nam a2200133 i 4500
001 bg
100 1 _aKOCIK, Lucjan
245 0 _aPrzeobrażenia funkcji współczesnej rodziny wiejskiej /
_cLucjan Kocik.
260 _aWrocław,
_c1976.
040 _cBPK
041 _apol
942 _cKS
008 s pl f |000 0 pol
999 _c21385
_d21385
856 _uhttp://koha.tu.koszalin.pl/cgi-bin/koha/opac-detail.pl?biblionumber=21385
_yKatalog online BPK